Kursus bahasa Arab, bahagian II

Bibliographic Details
Main Author: Ishak Mohd Rejab (Author)
Format: Book
Published: Kuala Lumpur : Yayasan Dakwah Islamiah Malaysia , 1986
Subjects:

MARC

LEADER 00000cam a2200000 7i4500
001 0000008278
005 20070822093000.0
008 021119s1986
090 0 0 |a PJ6273   |b .I831 
100 0 |a Ishak Mohd Rejab ,   |e author 
245 0 0 |a Kursus bahasa Arab, bahagian II   |c Ishak Mohd Rejab 
260 2 |a Kuala Lumpur :   |b Yayasan Dakwah Islamiah Malaysia ,   |c 1986 
300 |a 186 ms. ; ;   |c 24 sm. 
650 0 |a Arabic language   |v Textbooks for foreign speakers 
999 |a 1000041358   |b Book   |c OPEN SHELF (30 DAYS)   |e Gong Badak Campus 
999 |a 1000041359   |b Book   |c OPEN SHELF (30 DAYS)   |e Gong Badak Campus